000 00521nam a2200181 i 4500
001 70885
003 ES-MaACL
005 20250714235854.0
007 t|
008 040803s1914 xxu ||||1| eng d
100 1 _aGarrison, Fielding H.
_955777
245 1 3 _aAn introduction to the History of Medicine /
_cby Fielding H. Garrison.
260 _aPhiladelphia :
_bW.B. Saunders,
_c1914.
300 _a763 p. ;
_c24 cm.
650 0 4 _aMedicina-
_vHistoria
_914907
852 _aES-MaACL
_jE-1497
999 _c70885
_d70885